The World's 50 Largest Cities by Letter - P - Statistics

General Stats
  • This quiz has been taken 1,375 times
  • The average score is 24 of 50
Answers on the Map
Answers color-coded by a green-red scale on the quiz's map according to % correct below.
 
Answer Stats
# Population Country Urban Area % Correct
1 11,249,025 France Paris
99%
3 6,326,212 United States Philadelphia
96%
20 1,651,124 Portugal Porto
96%
16 2,289,366 Australia Perth
95%
5 5,037,826 United States Phoenix
94%
15 2,296,386 Haiti Port-au-Prince
93%
19 1,977,776 Czech Republic Prague
93%
21 1,643,694 Panama Panama City
92%
12 2,482,924 United States Portland
92%
6 3,325,232 South Africa Pretoria
92%
7 3,302,223 North Korea Pyongyang
92%
32 955,720 Italy Palermo
90%
13 2,354,023 Cambodia Phnom Penh
84%
18 1,989,266 United States Pittsburgh
84%
48 629,955 Spain Palma de Mallorca
77%
2 7,318,402 India Pune
74%
10 2,940,245 Brazil Porto Alegre
73%
40 750,846 Mauritius Port Louis
68%
22 1,521,251 United States Providence
68%
9 3,202,625 Mexico Puebla
67%
43 701,771 Benin Porto-Novo
63%
31 975,965 Poland Poznań
60%
11 2,661,607 Nigeria Port Harcourt
58%
28 1,034,002 Russia Perm
53%
42 747,380 Italy Padua
50%
4 6,051,024 Pakistan Peshawar
50%
36 809,147 Egypt Port Said
49%
41 748,561 United States Provo - Orem
44%
17 2,238,654 Indonesia Palembang
43%
8 3,276,582 India Patna
42%
23 1,420,612 Congo (Rep.) Pointe-Noire
37%
26 1,157,384 India Puducherry
23%
25 1,189,782 Indonesia Padang
16%
24 1,206,300 Indonesia Pekanbaru
16%
14 2,306,161 China Putian
16%
45 669,746 United States Palm Bay
15%
34 905,970 Indonesia Pontianak
13%
27 1,145,949 China Puyang
13%
29 1,003,041 China Pingdingshan
11%
44 689,800 Colombia Pereira
10%
46 665,929 Mexico Pachuca
7%
35 899,382 China Panjin
7%
50 624,612 Brazil Petrolina - Juazeiro
7%
47 641,698 China Panzhihua
4%
39 751,743 India Patiala
4%
30 993,973 China Pingxiang
4%
38 774,068 China Pizhou
4%
37 789,545 India Panipat
3%
33 910,069 Indonesia Pekalongan
3%
49 625,717 Indonesia Probolinggo
3%
No matching quizzes found
Score Distribution
Percent of People with Each Score
Percentile by Number Answered
Your Score History
You have not taken this quiz